The solitude of Emperors / (Record no. 26243)

MARC details
000 -LEADER
fixed length control field 00725nam a22002057a 4500
005 - DATE AND TIME OF LATEST TRANSACTION
control field 20190305153923.0
010 ## - LCCN (DPL NO)
LC control number B-285035 B-218067
020 ## - INTERNATIONAL STANDARD BOOK NUMBER
International Standard Book Number 0670081434
Terms of availability 495.00
020 ## - INTERNATIONAL STANDARD BOOK NUMBER
International Standard Book Number 9780670081431
Terms of availability 495.00
035 ## - SYSTEM CONTROL NUMBER
System control number B-285035 , B-218067,B-218049,B-218063
037 ## - SOURCE OF ACQUISITION
Source of stock number/acquisition UBH (Vender)
082 ## - DEWEY DECIMAL CLASSIFICATION NUMBER
Classification number N
100 ## - MAIN ENTRY--PERSONAL NAME
Personal name Davidar, David
245 ## - TITLE STATEMENT
Title The solitude of Emperors /
Statement of responsibility, etc by David Davidar
260 ## - PUBLICATION, DISTRIBUTION, ETC. (IMPRINT)
Place of publication, distribution, etc New Delhi
Name of publisher, distributor, etc Penguin Books
Date of publication, distribution, etc 2007
270 ## - ADDRESS
Address 11 Community Centre, Panchsheel Park
City New Delhi
Postal code 110017
300 ## - PHYSICAL DESCRIPTION
Extent 246p.
Dimensions 23cm. (Hb)
942 ## - ADDED ENTRY ELEMENTS (KOHA)
Source of classification or shelving scheme Dewey Decimal Classification
Item type English Books
Classification part N
Call number suffix DAV
Holdings
Withdrawn status Lost status Not for loan Collection code Home library Current library Date acquired Source of acquisition Cost, normal purchase price Full call number Barcode Copy number Cost, replacement price Koha item type
      Fiction Kasturba Gandhi Marg Kasturba Gandhi Marg 04/01/2019 BPPD/PUB 495.00 N DAV B-218049 1 495.00 English Books
      Fiction R.C.Libraries (zls) R.C.Libraries (zls) 08/11/2018   495.00 N DAV B-218067 1 495.00 English Books
      Fiction Sarojini Nagar Sarojini Nagar 04/07/2018     N DAV B-218066     English Books
      Fiction Sarojini Nagar Sarojini Nagar 12/12/2018     N DAV B-218052     English Books
      Fiction Vigyan Vihar Vigyan Vihar 05/03/2019 BPPD/PUB 495.00 N DAV B-218063   495.00 English Books
      Fiction Vinoba Puri Vinoba Puri 12/05/2009 UBH/143/25.8.08/187/21.7.08/29.8.08 495.00 N DAV B-285035 1 495.00 English Books
      Fiction Yojana Vihar Yojana Vihar 25/07/2019 BPPD/PUB 495.00 N DAV B-218062   495.00 English Books

© Delhi Public Library
Hit Counter
free hit counter